000 00805nam a2200253 i 4500
001 147455
003 ES-MaACL
005 20260202114553.0
007 t|
008 071001s1911 sp ||||1| spa d
080 _a913(460)
080 _a913(469)
100 1 _aUnamuno, Miguel de,
_d1864-1936
_9111982
245 1 0 _aPor tierras de Portugal y de España /
_cMiguel de Unamuno.
260 _aMadrid :
_bBiblioteca Renacimiento,
_c1911.
300 _a296 p. ;
_c19 cm.
530 _aDisponible en formato digital.
651 0 _aPortugal-
_xDescripción.
_99251
651 4 _aEspaña-
_xDescripción-
_yS.XX.
_98187
852 _aES-MaACL
_jD-1834
_cSVI
856 4 _uhttp://bdh-rd.bne.es/viewer.vm?id=0000201708&page=1
_yBiblioteca Digital Hispánica
942 _2udc
999 _c147455
_d147455